| 000 | 00752cam a22002531 4500 | ||
|---|---|---|---|
| 001 | 18478 | ||
| 003 | BD-RjUL | ||
| 005 | 20211209000306.0 | ||
| 008 | 140220s1962 enka 000 0 eng | ||
| 035 | _a(BD-RjUL)18536 | ||
| 035 | _a(OCoLC)1307560 | ||
| 040 |
_aDLC _cNNHuC _dOCoLC _dUk _dDLC _dBD-RjUL _beng |
||
| 041 | _aeng | ||
| 082 |
_a821.54082 _bBAP 1962 |
||
| 100 | 1 |
_aBaldwin, Michael. _d1930- _956933 |
|
| 245 | 1 | 0 |
_aPoems by children, 1950-1961 / _cMichael Baldwin. |
| 260 |
_aLondon : _bRoutledge & K. Paul, _c1962. |
||
| 300 |
_axiv, 123 p. : _billus. ; _c21 cm. |
||
| 650 | 0 |
_aEnglish poetry _y20th century. _956934 |
|
| 650 | 0 |
_aChildren's writings, English. _956935 |
|
| 942 |
_2ddc _cBK |
||
| 999 |
_c18478 _d18478 |
||